[Event "Bayern-ch Seniors 24nd"]
[Site "Bergen"]
[Date "2012.06.21"]
[Round "6"]
[White "Sobottka, Manfred"]
[Black "Walther, Renate"]
[Result "1-0"]
[WhiteElo "1417"]
[BlackElo "771"]
[PlyCount "59"]
[EventDate "2012.06.16"]
[EventType "swiss"]
[EventRounds "9"]
[EventCountry "GER"]
[SourceTitle "EXT 2015"]
[Source "ChessBase"]
[SourceDate "2014.11.20"]
[SourceVersion "1"]
[SourceVersionDate "2014.11.20"]
[SourceQuality "1"]

1. d4 d5 2. Nf3 Nf6 3. e3 Bf5 4. Nbd2 e6 5. Bb5+ c6 6. Be2 Bd6 7. c4 0-0 8. h3 h6 9. a3 Nbd7 10. 0-0 b6 11. Nh2 Bxh2+ 12. Kxh2 Ne4 13. Nxe4 dxe4 14. Bg4 Qc7+ 15. Kh1 Nf6 16. Be2 Rad8 17. b4 a6 18. Qb3 Rd6 19. Bb2 Nd7 20. Rac1 c5 21. Rfd1 e5 22. dxe5 Re6 23. f4 Rd8 24. g4 Bh7 25. Rd5 g5 26. f5 Ree8 27. Rcd1 Nxe5 28. Rxe5 Rxe5 29. Rxd8+ Re8 30. Rxe8# 1-0

[Event "Bayern-ch Seniors 23rd"]
[Site "Bergen"]
[Date "2011.06.01"]
[Round "5"]
[White "Sobottka, Manfred"]
[Black "Flockerzi, Armin"]
[Result "0-1"]
[WhiteElo "1491"]
[BlackElo "1707"]
[PlyCount "72"]
[EventDate "2011.05.28"]
[EventType "swiss"]
[EventRounds "9"]
[EventCountry "GER"]
[SourceTitle "EXT 2012"]
[Source "ChessBase"]
[SourceDate "2011.11.24"]
[SourceVersion "1"]
[SourceVersionDate "2011.11.24"]
[SourceQuality "1"]

1. e4 c6 2. d4 d5 3. Nc3 dxe4 4. Nxe4 g6 5. Nf3 Bg7 6. Bf4 Bg4 7. c3 Nd7 8. Bc4 Ngf6 9. Nxf6+ Nxf6 10. Qb3 0-0 11. Ng5 Nd5 12. Be3 e6 13. h3 Nxe3 14. hxg4 Nxc4 15. Nxh7 Nb6 16. Nxf8 Bxf8 17. Qc2 Qd5 18. 0-0-0 Be7 19. g3 Qxa2 20. Qb1 Qd5 21. Qc2 Qg5+ 22. Qd2 Qxg4 23. Rdg1 Nc4 24. Qd3 b5 25. f3 Qg5+ 26. f4 Qf5 27. Qf3 Rc8 28. g4 Qf6 29. Qg3 Bd6 30. Rf1 g5 31. Qh3 Qg7 32. f5 Bf4+ 33. Rxf4 gxf4 34. fxe6 fxe6 35. Qf3 Qf6 36. Qe4 Rc7 0-1

[Event "Bayern-ch Seniors 23rd"]
[Site "Bergen"]
[Date "2011.05.31"]
[Round "4"]
[White "Ries, Berthold"]
[Black "Sobottka, Manfred"]
[Result "1-0"]
[WhiteElo "1847"]
[BlackElo "1491"]
[PlyCount "103"]
[EventDate "2011.05.28"]
[EventType "swiss"]
[EventRounds "9"]
[EventCountry "GER"]
[SourceTitle "EXT 2012"]
[Source "ChessBase"]
[SourceDate "2011.11.24"]
[SourceVersion "1"]
[SourceVersionDate "2011.11.24"]
[SourceQuality "1"]

1. e4 d5 2. exd5 Qxd5 3. Nc3 Qa5 4. d4 c6 5. Bc4 Nf6 6. Bd2 Qc7 7. Nf3 Bg4 8. h3 Bh5 9. Qe2 e6 10. 0-0-0 Be7 11. g4 Bg6 12. Ne5 Nbd7 13. Bf4 Bd6 14. Kb1 Nb6 15. Bb3 Nbd5 16. Nxd5 Nxd5 17. Bg3 0-0-0 18. h4 h5 19. Nxg6 fxg6 20. Qxe6+ Kb8 21. Qxg6 Bxg3 22. fxg3 hxg4 23. Bxd5 cxd5 24. Qxg4 Rde8 25. Qg5 Re2 26. c3 Rhe8 27. Rhf1 Qc4 28. Qf4+ Kc8 29. Rf2 R8e4 30. Qf8+ Re8 31. Qf5+ Kc7 32. Rxe2 Rxe2 33. Qd3 Rg2 34. Qxc4+ dxc4 35. a4 Kd6 36. Rf1 Rxg3 37. Rf5 a6 38. a5 Re3 39. Rf7 Re7 40. Rxe7 Kxe7 41. Kc2 Kd6 42. b3 Kd5 43. b4 g6 44. Kd2 Ke4 45. Ke2 Kf4 46. Kf2 Ke4 47. Kg3 Kd3 48. d5 Kxc3 49. d6 Kxb4 50. d7 Kxa5 51. d8Q+ Kb5 52. Kf4 1-0

[Event "Bayern-ch Seniors 23rd"]
[Site "Bergen"]
[Date "2011.05.30"]
[Round "3"]
[White "Sobottka, Manfred"]
[Black "Schnaitmann, Herbert"]
[Result "1/2-1/2"]
[WhiteElo "1491"]
[BlackElo "1867"]
[PlyCount "48"]
[EventDate "2011.05.28"]
[EventType "swiss"]
[EventRounds "9"]
[EventCountry "GER"]
[SourceTitle "EXT 2012"]
[Source "ChessBase"]
[SourceDate "2011.11.24"]
[SourceVersion "1"]
[SourceVersionDate "2011.11.24"]
[SourceQuality "1"]

1. e4 d5 2. exd5 Qxd5 3. Nc3 Qd6 4. Be2 Nf6 5. d4 c6 6. Nf3 Bf5 7. Nh4 Bg6 8. Nxg6 hxg6 9. g3 e6 10. a3 Qc7 11. Bf4 Bd6 12. Bxd6 Qxd6 13. Bf3 Nbd7 14. Ne4 Nxe4 15. Bxe4 Nf6 16. Bg2 0-0-0 17. c3 e5 18. 0-0 exd4 19. cxd4 Rhe8 20. Qb3 Re7 21. Rac1 Nd5 22. Rc5 b6 23. Rc2 Rc7 24. Rfc1 Kb7 1/2-1/2

[Event "Bayern-ch Seniors 22nd"]
[Site "Bergen"]
[Date "2010.06.20"]
[Round "9"]
[White "Sobottka, Manfred"]
[Black "Lederer, Helmut"]
[Result "0-1"]
[WhiteElo "1405"]
[BlackElo "1529"]
[PlyCount "66"]
[EventDate "2010.06.12"]
[EventType "swiss"]
[EventRounds "9"]
[EventCountry "GER"]
[SourceTitle "EXT 2011"]
[Source "ChessBase"]
[SourceDate "2010.11.26"]
[SourceVersion "1"]
[SourceVersionDate "2010.11.26"]
[SourceQuality "1"]

1. e4 c5 2. Nf3 d6 3. d4 cxd4 4. c3 dxc3 5. Nxc3 a6 6. Bc4 Nc6 7. 0-0 Nf6 8. Qe2 e6 9. Rd1 Qc7 10. Bg5 Be7 11. Rac1 0-0 12. a3 b5 13. Ba2 Ng4 14. Bxe7 Qxe7 15. h3 Nge5 16. Nd4 Nxd4 17. Rxd4 Rd8 18. Kh1 Bb7 19. f4 Ng6 20. Rf1 Rf8 21. Bb1 Qh4 22. Qf2 Qe7 23. Qg3 e5 24. Nd5 Bxd5 25. exd5 exd4 26. f5 Qh4 27. Qxd6 Rfd8 28. Qc6 Ne7 29. Qb7 Nxd5 30. Ba2 Rab8 31. Qxa6 d3 32. Rd1 Qh5 33. Bb1 Qxd1+ 0-1

[Event "Bayern-ch Seniors 22nd"]
[Site "Bergen"]
[Date "2010.06.17"]
[Round "6"]
[White "Ludwig, Karl Heinz"]
[Black "Sobottka, Manfred"]
[Result "0-1"]
[WhiteElo "1090"]
[BlackElo "1405"]
[PlyCount "74"]
[EventDate "2010.06.12"]
[EventType "swiss"]
[EventRounds "9"]
[EventCountry "GER"]
[SourceTitle "EXT 2011"]
[Source "ChessBase"]
[SourceDate "2010.11.26"]
[SourceVersion "1"]
[SourceVersionDate "2010.11.26"]
[SourceQuality "1"]

1. f4 Nf6 2. d4 e6 3. Nd2 b6 4. Ngf3 Bb7 5. e3 c5 6. Bd3 d6 7. 0-0 Nbd7 8. c4 Rc8 9. Qa4 a6 10. b3 Be7 11. Ba3 0-0 12. b4 d5 13. bxc5 bxc5 14. dxc5 Nxc5 15. Qc2 Nxd3 16. Qxd3 Bxa3 17. Qxa3 dxc4 18. Rfb1 Bxf3 19. Nxf3 Ne4 20. Rd1 Qb6 21. Rab1 Qc5 22. Qxc5 Nxc5 23. Nd4 Rfd8 24. Ne2 Rd3 25. Rxd3 cxd3 26. Nc3 h6 27. Nd1 Ne4 28. g3 d2 29. Kf1 Kh7 30. Nf2 Rc1+ 31. Rxc1 dxc1Q+ 32. Kg2 Qd2 33. Kf3 Nxf2 34. h4 Nd1 35. a4 Qxe3+ 36. Kg4 Nf2+ 37. Kh5 g6# 0-1

[Event "Bayern-ch Seniors 20th"]
[Site "Bergen"]
[Date "2008.06.07"]
[Round "1.38"]
[White "Sobottka, Manfred"]
[Black "Bilyavskyy, Borys"]
[Result "0-1"]
[WhiteElo "1446"]
[BlackElo "1820"]
[PlyCount "60"]
[EventDate "2008.06.07"]
[EventType "swiss"]
[EventRounds "9"]
[EventCountry "GER"]
[SourceTitle "EXT 2022"]
[Source "ChessBase"]
[SourceDate "2021.10.06"]
[SourceVersion "1"]
[SourceVersionDate "2021.10.06"]
[SourceQuality "1"]

1. d4 Nf6 2. Nf3 e6 3. e3 d5 4. Bd3 c5 5. c3 Nc6 6. Nbd2 Bd6 7. 0-0 0-0 8. Re1 Qc7 9. e4 dxe4 10. Nxe4 Nxe4 11. Bxe4 f5 12. Bc2 cxd4 13. cxd4 Nd8 14. Bb3 Bd7 15. Bg5 Re8 16. Ne5 Bxe5 17. Rxe5 Nf7 18. Bf4 Nxe5 19. Bxe5 Qd8 20. Qh5 Rf8 21. Rd1 Qe7 22. Qf3 Bc6 23. d5 Bxd5 24. Bxd5 Kh8 25. Re1 exd5 26. Qxd5 Rad8 27. Qa5 b6 28. Qc3 Rfe8 29. f4 Kg8 30. Qg3 Qf7 0-1